20 największych miast w województwie Warmińsko-Mazurskim - Statystyki

Ogólne statystyki
  • Ten quiz został rozwiązany 213 razy
  • Średni wynik to 13 z 20
Statystyki odpowiedzi
Ludność Miasto % Poprawnych
172.194 Olsztyn
100%
119.760 Elbląg
95%
62.006 Ełk
93%
29.335 Giżycko
85%
33.332 Iława
83%
32.947 Ostróda
79%
21.656 Mrągowo
76%
23.482 Bartoszyce
66%
27.212 Kętrzyn
65%
19.277 Pisz
65%
23.257 Szczytno
65%
13.716 Gołdap
63%
15.728 Lidzbark Warmiński
61%
21.279 Działdowo
56%
17.040 Braniewo
55%
13.762 Nidzica
53%
16.442 Olecko
53%
11.328 Węgorzewo
53%
13.793 Morąg
48%
12.160 Pasłęk
33%
Nie znaleziono quizów pasujących do podanych kryteriów
Rozkład punktacji
Procent ludzi z każdym wynikiem
Percentyl według liczby udzielonych odpowiedzi
Twoja historia wyników
Nie rozwiązałeś tego quizu